MARC details
| 000 -CABECERA |
| campo de control de longitud fija |
02483nam a2200373 a 4500 |
| 001 - NÚMERO DE CONTROL |
| campo de control |
000000527 |
| 005 - FECHA Y HORA DE LA ÚLTIMA TRANSACCIÓN |
| campo de control |
20200929145344.0 |
| 008 - DATOS DE LONGITUD FIJA--INFORMACIÓN GENERAL |
| campo de control de longitud fija |
081201t2005 dr abd 001 0 spa d |
| 020 ## - NÚMERO INTERNACIONAL ESTÁNDAR DEL LIBRO |
| Número Internacional Estándar del Libro |
9993423602 |
| 020 ## - NÚMERO INTERNACIONAL ESTÁNDAR DEL LIBRO |
| Número Internacional Estándar del Libro |
9789993423607 |
| 040 ## - FUENTE DE LA CATALOGACIÓN |
| Centro catalogador/agencia de origen |
DO-SdBNP |
| Lengua de catalogación |
spa |
| Centro/agencia transcriptor |
BNPHU |
| 082 ## - NÚMERO DE LA CLASIFICACIÓN DECIMAL DEWEY |
| Número de clasificación |
917.293 |
| Número de documento/Ítem |
G112s, 2005 |
| 100 1# - ENTRADA PRINCIPAL--NOMBRE DE PERSONA |
| Nombre de persona |
Gabb, Williams M., |
| Fechas asociadas al nombre |
1839-1878 |
| 9 (RLIN) |
1740 |
| 240 10 - TÍTULO UNIFORME |
| Título uniforme |
On the topography and geology of Santo Domingo. |
| Lenguaje de la obra |
español |
| 245 10 - MENCIÓN DE TÍTULO |
| Título |
Sobre la topografía y geología de Santo Domingo / |
| Mención de responsabilidad, etc. |
Williams M. Gabb ; presentación Romeo A. Llinás, Iván Tavares C. ; traductor Ramón Cedano Melo. |
| 250 ## - MENCIÓN DE EDICIÓN |
| Mención de edición |
2a ed. |
| 260 ## - PUBLICACIÓN, DISTRIBUCIÓN, ETC. |
| Lugar de publicación, distribución, etc. |
Santo Domingo : |
| Nombre del editor, distribuidor, etc. |
Sociedad Dominicana de Bibliófilos, |
| Fecha de publicación, distribución, etc. |
2005. |
| 300 ## - DESCRIPCIÓN FÍSICA |
| Extensión |
292 p. : |
| Otras características físicas |
il., mapa ; |
| Dimensiones |
23 cm. |
| 490 1# - MENCIÓN DE SERIE |
| Mención de serie |
Bibliófilos 2000 |
| Designación de volumen o secuencia |
15 |
| 500 ## - NOTA GENERAL |
| Nota general |
Extracto de las memorias de la Sociedad Filosófica Americana |
| 500 ## - NOTA GENERAL |
| Nota general |
Traducido del inglés |
| 504 ## - NOTA DE BIBLIOGRAFÍA, ETC. |
| Nota de bibliografía, etc. |
Incluye bibliografía y notas al pie de páginas. |
| 504 ## - NOTA DE BIBLIOGRAFÍA, ETC. |
| Nota de bibliografía, etc. |
Bibliografía: p. 281-283. |
| 505 0# - NOTA DE CONTENIDO CON FORMATO |
| Nota de contenido con formato |
Introducción / |
| Mención de responsabilidad |
Mariano Mella -- |
| Título |
Perfil biográfico del autor / |
| Mención de responsabilidad |
Octavio Amiama de Castro -- |
| Título |
Presentación / |
| Mención de responsabilidad |
Romeo A. Llinás, Iván Tavares C. -- |
| Título |
Introducción / |
| Mención de responsabilidad |
Williams M. Gabb -- |
| Información miscelánea |
Artículo. IV. Sobre la topografía y geología de Santo Domingo (leído ante la Sociedad Filosófica Americana, 18 de octubre de 1872) : |
| -- |
Parte I. |
| Título |
Descripción topográfica : |
| -- |
Topografía de la Cordillera Central -- |
| -- |
Topografía de la región al norte de la Cordillera Central -- |
| -- |
Topografía de la región al sur de la Cordillera Central -- |
| Información miscelánea |
Parte II. |
| Título |
Formaciones geológicas : |
| -- |
El grupo sierra -- |
| -- |
Rocas intrusivas -- |
| -- |
El mioceno -- |
| -- |
Post-plioceno o formación costera -- |
| Información miscelánea |
Parte III. |
| Título |
Geología local : |
| -- |
Geología de la Cordillera Central -- |
| -- |
Geología de los valles y estribaciones norte de la Cordillera Central -- |
| -- |
Geología de la Sierra de Monte Cristi -- |
| -- |
Geología de Samaná -- |
| -- |
Geología de la región al sur de la Cordillera Central -- |
| Información miscelánea |
Parte IV. Paleontología : |
| Título |
Catálogo descriptivo de los molúscos fósiles -- |
| -- |
Referencias. |
| 650 #4 - PUNTO DE ACCESO ADICIONAL DE MATERIA--TÉRMINO DE MATERIA |
| Término de materia o nombre geográfico como elemento de entrada |
Topografía |
| Subdivisión geográfica |
República Dominicana |
| 9 (RLIN) |
1741 |
| 650 #4 - PUNTO DE ACCESO ADICIONAL DE MATERIA--TÉRMINO DE MATERIA |
| Término de materia o nombre geográfico como elemento de entrada |
Geología |
| Subdivisión geográfica |
República Dominicana |
| 9 (RLIN) |
1742 |
| 650 #4 - PUNTO DE ACCESO ADICIONAL DE MATERIA--TÉRMINO DE MATERIA |
| Término de materia o nombre geográfico como elemento de entrada |
Paleontología |
| 9 (RLIN) |
1743 |
| 700 1# - PUNTO DE ACCESO ADICIONAL--NOMBRE DE PERSONA |
| Nombre de persona |
Cedano Melo, Ramón, |
| Término indicativo de función/relación |
tr. |
| 9 (RLIN) |
1744 |
| 700 1# - PUNTO DE ACCESO ADICIONAL--NOMBRE DE PERSONA |
| Nombre de persona |
Llinás, Romeo A., |
| Término indicativo de función/relación |
pról. |
| 9 (RLIN) |
1745 |
| 700 1# - PUNTO DE ACCESO ADICIONAL--NOMBRE DE PERSONA |
| Nombre de persona |
Tavares C., Iván, |
| Término indicativo de función/relación |
pról. |
| 9 (RLIN) |
1746 |
| 710 12 - PUNTO DE ACCESO ADICIONAL--NOMBRE DE ENTIDAD CORPORATIVA |
| Nombre de entidad corporativa o nombre de jurisdicción como elemento de entrada |
Sociedad Filosófica Americana |
| 9 (RLIN) |
1747 |
| 830 #0 - PUNTO DE ACCESO ADICIONAL DE SERIE-TÍTULO UNIFORME |
| Título uniforme |
Bibliófilos 2000 |
| Número de parte o sección de la obra |
15 |
| 9 (RLIN) |
1748 |
| 910 ## - DATOS DE OPCIÓN DEL USUARIO (OCLC) |
| Datos de opción del usuario |
Validado. Control de calidad BNPHU |